Mario Kart Wii - Todos los Circuitos - Estadísticas

Estadísticas generales
  • Esta prueba ha sido intentada 38 veces
  • La puntuación promedio es 15 de 32
Estadísticas de respuestas
Copa Circuito % Correcto
Copa Especial Senda Arcoíris
86%
Copa Especial Castillo de Bowser
82%
Copa Champiñon Circuito de Luigi
73%
Copa Flor Circuito Mario
73%
Copa Hoja GBA Castillo de Bowser 3
73%
Copa Centella N64 Castillo de Bowser
73%
Copa Flor Centro Cocotero
68%
Copa Champiñon Fábrica de Toad
68%
Copa Hoja GCN Circuito Mario
68%
Copa Centella SNES Circuito Mario 3
68%
Copa Champiñon Pradera Mu-Mu
64%
Copa Champiñon Barranco Champiñón
59%
Copa Flor Mina de Wario
59%
Copa Estrella Circuito Daisy
45%
Copa Estrella Senda del Arce
45%
Copa Estrella Volcán Gruñón
45%
Copa Especial Circuito Luz de Luna
36%
Copa Flor Cumbre DK
36%
Copa Caparazón DS Cataratas de Yoshi
36%
Copa Centella DS Jardín de Peach
36%
Copa Plátano GCN Estadio Waluigi
36%
Copa Centella GCN Montaña DK
36%
Copa Plátano DS Ciudad Delfino
32%
Copa Caparazón GCN Playa Peach
27%
Copa Especial Ruinas Seco-Seco
27%
Copa Plátano GBA Playa Shy Guy
23%
Copa Plátano N64 Tierra Sorbete
23%
Copa Estrella Colina Koopa
18%
Copa Hoja DS Desierto Sol-Sol
14%
Copa Caparazón N64 Pista Mario
14%
Copa Caparazón SNES Valle Fantasma 2
9%
Copa Hoja N64 Pista de la Jungla de DK
0%
No se encontraron pruebas coincidentes
Distribución de puntuación
Porcentaje de gente con cada puntuación
Porcentaje por número respondido
Historial de tus puntuaciones
No has intentado esta prueba.